000 00737pam a2200253 a 4500
001 15697
003 BD-RjUL
005 20211208235853.0
008 140210s1982 nyua 001 0 eng d
020 _a0442239971
035 _a(BD-RjUL)15752
040 _aDLC
_cDLC
_dDLC
_dBD-RjUL
_beng
041 _aeng
082 0 0 _a658.1552
_219
_bGAP 1982
100 1 _aGallagher, Paul F.
_948715
245 1 0 _aParametric estimating for executives and estimators /
_cPaul F. Gallagher.
260 _aNew York :
_bVan Nostrand Reinhold,
_cc1982.
300 _aix, 308 p. :
_bill. ;
_c24 cm.
504 _aIncludes index.
650 0 _aEngineering
_xEstimates.
_948716
942 _2ddc
_cBK
999 _c15697
_d15697